Delområder i Oslo - Statistics

General Stats
  • This quiz has been taken 46 times
    45 since last reset
  • The average score is 50 of 396
Answer Stats
Bydel Grunnkretsområde % Correct
Frogner Frogner
65%
Nordre Aker Storo
57%
Sagene Sagene
54%
Nordre Aker Sogn
54%
SageneGrünerløkka Torshov
54%
Frogner Majorstuen
51%
Grünerløkka Nordre Sinsen
51%
Stovner Øvre Stovner
51%
SageneGrünerløkka Sinsen
51%
Grorud Nedre Grorud
49%
Nordre Aker Nordre Ullevål
49%
Vestre Aker Østre Holmen
49%
Grorud Øvre Grorud
49%
Vestre Aker Vestre Holmen
49%
Alna Alnabru
46%
Ullern Nordre Skøyen
46%
Nordre Aker Nydalen øst
46%
Nordre Aker Nydalen vest
46%
Nordre Aker Sognsvann
46%
Ullern Søndre Skøyen
46%
Nordre Aker Tåsen
46%
Nordre Aker Kjelsås
43%
Grünerløkka Løren øst
43%
Grünerløkka Løren vest
43%
Vestre Aker Røa
43%
Gamle OsloGrünerløkka Tøyen
43%
Alna Bryn
41%
Nordre Aker Grefsen
41%
Gamle Oslo Grønland
41%
Grünerløkka Grünerløkka
41%
Søndre Nordstrand Mortensrud
41%
Nordre Aker Nordre Grefsen
41%
Sentrum Sentrum 1
41%
St. HanshaugenGrünerløkka Sentrum 2
41%
FrognerSentrum Sentrum 3
41%
Nordstrand Ekeberg
38%
Bjerke Økern
38%
Grorud Ammerud
35%
SageneNordre Aker Bjølsen
35%
Ullern Montebello
35%
Østensjø Oppsal
35%
Grorud Rødtvet
35%
St. Hanshaugen St. Hanshaugen
35%
Nordre Aker Berg
32%
Gamle Oslo Ensjø nord
32%
Gamle Oslo Ensjø øst
32%
Gamle Oslo Ensjø sør
32%
Gamle Oslo Ensjø vest
32%
Alna Haugen
32%
Søndre Nordstrand Holmlia
32%
Nordstrand Lambertseter sentrum
32%
Nordre Aker Nordberg
32%
Alna Tveita
32%
Stovner Vestli
32%
Nordre Aker Blindern
30%
Søndre Nordstrand Hauketo
30%
Gamle Oslo Helsfyr
30%
Nordre Aker Kringsjå
30%
Alna Nordre Furuset
30%
Alna Østre Furuset
30%
Stovner Østre Høybråten
30%
Grorud Østre Romsås
30%
Alna Søndre Furuset
30%
Alna Vestre Furuset
30%
Stovner Vestre Høybråten
30%
Grorud Vestre Romsås
30%
Bjerke Årvoll
27%
Alna Ellingsrud
27%
Gamle Oslo Kampen
27%
Nordstrand Ljan
27%
Nordmarka Maridalen
27%
Nordstrand Nedre Nordstrand
27%
Østensjø Nordre Manglerud
27%
Østensjø Østre Manglerud
27%
Østensjø Skullerud nord
27%
Østensjø Skullerud øst
27%
Østensjø Skullerud sør
27%
Østensjø Søndre Manglerud
27%
Frogner Uranienborg
27%
Gamle Oslo Valle
27%
Bjerke Veitvet
27%
Østensjø Vestre Manglerud
27%
Bjerke Vestre Veitvet
27%
Gamle Oslo Gamlebyen
24%
Bjerke Linderud
24%
Grorud Nedre Kalbakken
24%
Bjerke Nedre Linderud
24%
Søndre Nordstrand Nordre Ås
24%
Alna Nordre Lindeberg
24%
Grorud Øvre Kalbakken
24%
Bjerke Risløkka
24%
Grünerløkka Rodeløkka
24%
Vestre Aker Slemdal
24%
Alna Søndre Lindeberg
24%
Vestre Aker Voksen
24%
Nordstrand Bergkrystallen
22%
Østensjø Bogerud
22%
Gamle Oslo Brynseng
22%
Nordre Aker Disen
22%
Ullern Lysaker
22%
Nordstrand Nedre Bekkelaget
22%
Stovner Nedre Rommen
22%
Bjerke Øvre Disen
22%
Stovner Øvre Rommen
22%
Bjerke Tonsen
22%
Nordre Aker Ullevål Hageby
22%
Grorud Vestre Rommen
22%
Nordre Aker Gaustad
19%
Vestre Aker Hovseter
19%
Nordre Aker Korsvoll
19%
St. Hanshaugen Marienlyst
19%
Nordmarka Nordre Nordmarka
19%
Østmarka Nordre Østmarka
19%
Nordstrand Ryen
19%
Sagene Sandaker
19%
Ullern Smestad
19%
Østmarka Søndre Østmarka
19%
Østensjø Søndre Ryen
19%
Gamle Oslo Vålerenga
19%
Vestre Aker Vinderen
19%
Østensjø Abildsø
16%
Gamle Oslo Etterstad
16%
St. Hanshaugen Fagerborg
16%
Grünerløkka Frydenberg nord
16%
Grünerløkka Frydenberg øst
16%
Grünerløkka Frydenberg vest
16%
Østensjø Godlia
16%
Alna Haugerud
16%
Alna Hellerud
16%
Østensjø Høyenhall nord
16%
Østensjø Høyenhall sør
16%
Gamle Oslo Kværner nord
16%
Gamle Oslo Kværner øst
16%
Gamle Oslo Kværner sør
16%
Bjerke Nordre Hovin
16%
Alna Østre Trosterud
16%
Frogner Skillebekk
16%
Nordstrand Søndre Hellerud
16%
Grünerløkka Søndre Hovin
16%
Bjerke Tonsenhagen
16%
Alna Trosterud
16%
Ullern Ullernåsen
16%
Østensjø Ulsrud
16%
Alna Ellingsrudåsen
14%
Vestre Aker Frøen
14%
St. HanshaugenSagene Ila
14%
Østensjø Nordre Trasop
14%
Østensjø Østre Trasop
14%
Østensjø Søndre Trasop
14%
Nordmarka Sørkedalen øst
14%
Vestre Aker Vettakollen
14%
Alna Alfaset
11%
Sagene Åsen
11%
Ullern Åsjordet
11%
Ullern Bestum
11%
Vestre Aker Bogstad
11%
Bjerke Bredtvet
11%
Bjerke Brobekk
11%
Søndre Nordstrand Dal
11%
Nordre Aker Frysjå
11%
Alna Gran
11%
Frogner Homansbyen
11%
Stovner Karihaugen
11%
St. Hanshaugen Lindern
11%
Nordstrand Ljabru nord
11%
Nordstrand Ljabru sør
11%
Stovner Nedre Fossum
11%
Søndre Nordstrand Nedre Prinsdal
11%
Nordre Aker Nordre Åsen
11%
Stovner Øvre Fossum
11%
Søndre Nordstrand Øvre Prinsdal
11%
Bjerke Refstad nord
11%
Bjerke Refstad sør
11%
Søndre Nordstrand Rosenholm
11%
Østensjø Rustad
11%
Vestre Aker Skogen
11%
Østensjø Skøyenåsen
11%
Nordmarka Tryvann
11%
Nordstrand Holtet
8%
Nordstrand Karlsrud
8%
Nordmarka Kikut
8%
Nordre Aker Lofthus
8%
Alna Lutvann
8%
Nordmarka Lyse
8%
Nordstrand Munkelia nord
8%
Nordstrand Munkelia sør
8%
Nordstrand Nordseter
8%
Alna Nyland
8%
Stovner Smedstua
8%
Stovner Stig
8%
Alna Teisen
8%
Bjerke Vollebekk nord
8%
Bjerke Vollebekk sør
8%
Søndre Nordstrand Åsbråten
5%
Nordre Aker Bakke
5%
Vestre Aker Besserud
5%
Nordstrand Bråten
5%
Nordstrand Brattlikollen
5%
Søndre Nordstrand Brenna
5%
Frogner Filipstad
5%
Vestre Aker Gråkammen
5%
Ullern Hoff nord
5%
Ullern Hoff sør
5%
Nordmarka Movatn
5%
Gamle Oslo Øyene
5%
Vestre Aker Persbråten
5%
Ullern Sjølyst
5%
Nordmarka Solemskogen
5%
Stovner Tangerud
5%
Stovner Tokerud
5%
Nordstrand Ulvøya
5%
Vestre Aker Voksenåsen
5%
Vestre Aker Volvat
5%
Nordre Aker Akebakkeskogen
3%
Grorud Bånkall
3%
Ullern Bjørnsletta
3%
Nordre Aker Brekke
3%
Grorud Flaen
3%
St. HanshaugenGrünerløkka Gamle Aker
3%
Nordre Aker Grefsenplatået
3%
Vestre Aker Gressbanen
3%
Østensjø Haraløkka
3%
Alna Haukåsen
3%
Vestre Aker Husebyskogen
3%
Søndre Nordstrand Hvervenbukta
3%
Nordstrand Kastellet
3%
Grünerløkka Lille Tøyen nord
3%
Grünerløkka Lille Tøyen øst
3%
Grünerløkka Lille Tøyen vest
3%
Vestre Aker Lillevann
3%
Søndre Nordstrand Meklenborg nord
3%
Søndre Nordstrand Meklenborg sør
3%
Nordstrand Munkerud
3%
Alna Nordre Fjellhus
3%
Grorud Nordtvet
3%
Ullern Øraker
3%
Søndre Nordstrand Ravnåsen
3%
Østensjø Rognerud
3%
Østmarka Rustadsaga
3%
Alna Skjønnhaug
3%
Bjerke Sletteløkka
3%
Alna Søndre Fjellhus
3%
Østensjø Stallerud
3%
Østensjø Svartdal
3%
Søndre Nordstrand Tangen
3%
Ullern Ullerntoppen
3%
Ullern Vækerø
3%
Ullern Abbedikollen
0%
Bjerke Aker sykehus
0%
Nordmarka Alnsjøen
0%
Ullern Amalienborg
0%
Grorud Ammerudgrenda
0%
Grorud Ammerudkollen
0%
Grorud Ammerudskogen
0%
Grorud Apalløkka
0%
Vestre Aker Arnebråten
0%
Søndre Nordstrand Asperud
0%
Alna Bakås
0%
Nordstrand Bekkelagshøgda
0%
Bjerke Bjerkebanen
0%
Grorud Bjøråsen
0%
Stovner Bjørkheim
0%
Søndre Nordstrand Bjørnåsen nord
0%
Søndre Nordstrand Bjørnåsen sør
0%
Søndre Nordstrand Bjørnerud
0%
Nordstrand Blåfjellet nord
0%
Nordstrand Blåfjellet øst
0%
Nordstrand Blåfjellet vest
0%
Østensjø Bølerlia
0%
Østensjø Bølersletta
0%
Bjerke Borrebekken
0%
Nordstrand Brannfjell
0%
Nordre Aker Brekkestranda
0%
Søndre Nordstrand Brunåsen
0%
Østensjø Brynslia
0%
Østensjø Eftasåsen øst
0%
Østensjø Eftasåsen vest
0%
Østensjø Fagerlia
0%
Stovner Forsheimer
0%
Frogner Fredriksborg
0%
Ullern Furulund
0%
Alna Furuset stadion
0%
Søndre Nordstrand Gjerdsrudhøgda
0%
Søndre Nordstrand Gjersrud
0%
Søndre Nordstrand Godheim
0%
Frogner Grande
0%
Nordre Aker Grefsenlia
0%
Vestre Aker Grimelund
0%
Vestre Aker Grindbakken
0%
Gamle Oslo Grønlia
0%
Grorud Grønlund
0%
Vestre Aker Hamborg
0%
Nordre Aker Havnajordet
0%
Vestre Aker Heggeli
0%
Nordstrand Hellinga
0%
Østensjø Høgda
0%
Vestre Aker Holmenbekken
0%
Vestre Aker Holmensletta
0%
Søndre Nordstrand Holmlia senter
0%
Ullern Husebybakken
0%
Vestre Aker Jarbakken
0%
Alna Karlstuen
0%
Alna Kløftehagen
0%
Nordmarka Kobberhaugene
0%
Bjerke Kolsåslia
0%
Frogner Kongsgården
0%
Østensjø Kringkollen
0%
Nordre Aker Langmyr
0%
Alna Larsbråten
0%
Nordstrand Lille Ekeberg
0%
Østensjø Lille Langerud
0%
Nordre Aker Lillo terrasse
0%
Alna Lindebergåsen
0%
Alna Lindeberglia
0%
Gamle Oslo Loenga nord
0%
Gamle Oslo Loenga sør
0%
Søndre Nordstrand Lofserud
0%
Alna Lohøgda
0%
Vestre Aker Løkkaskogen
0%
Østensjø Løvsetdalen
0%
Stovner Lundås
0%
Vestre Aker Lybekk
0%
Ullern Lysehagan
0%
Ullern Madserud
0%
Østmarka Mariholtet
0%
Nordstrand Marmorberget
0%
Nordstrand Midtåsen
0%
Vestre Aker Mosekollen øst
0%
Vestre Aker Mosekollen vest
0%
Nordre Aker Myrer
0%
Nordre Aker Myrerskog
0%
Vestre Aker Myrhaugen
0%
Nordstrand Nordstrandshøgda
0%
Nordre Aker Nygård
0%
Gamle Oslo Nygårdskollen
0%
Nordstrand Nylænde
0%
Bjerke Økern senter
0%
Østensjø Oppsaltoppen
0%
Nordstrand Ormsund
0%
Nordstrand Østerli
0%
Østmarka Østmarksetra
0%
Vestre Aker Østre Liaskogen
0%
Nordstrand Øvre Ljanskollen
0%
Vestre Aker Risbakken
0%
Vestre Aker Røahagan
0%
Ullern Rolighet
0%
Nordre Aker Rønningen
0%
Søndre Nordstrand Rudshøgda nord
0%
Søndre Nordstrand Rudshøgda sør
0%
Søndre Nordstrand Rudshøgda vest
0%
Gamle Oslo Ryenberget
0%
Grorud Sandås
0%
Bjerke Sandbakken
0%
Nordstrand Seterhøgda
0%
Nordstrand Simensbråten
0%
Alna Skansen
0%
Nordmarka Skjennungen
0%
Søndre Nordstrand Skovbakken
0%
Alna Sletten
0%
Søndre Nordstrand Sloreåsen
0%
Alna Smalvoll
0%
Ullern Smestaddammen
0%
Alna Solfjellet
0%
Ullern Sollerud
0%
Nordre Aker Solvang
0%
Nordstrand Sørli
0%
Alna Sørliløkka
0%
Vestre Aker Sørsletta
0%
Stovner Stasjonsfjellet
0%
Søndre Nordstrand Steinbråten
0%
Søndre Nordstrand Stensrudåsen
0%
Stovner Stigenga
0%
Østensjø Stordam
0%
Stovner Stovner senter
0%
Stovner Stovnerskogen
0%
Alna Stubberud
0%
Søndre Nordstrand Sværsvann
0%
Grorud Svarttjern
0%
Vestre Aker Svenstua
0%
Østensjø Tørtberg
0%
Alna Trolldalen
0%
Alna Trosterudlia
0%
Alna Tveita senter
0%
Østensjø Tveteråsen
0%
Nordre Aker Ullevål stadion
0%
Bjerke Veitvet senter
0%
Nordmarka Venner
0%
Nordre Aker Vestgrenda
0%
Stovner Vestliberget
0%
Stovner Vestlidalen
0%
Stovner Vestliskogen
0%
Vestre Aker Vestre Liaskogen
0%
Nordre Aker Vestre Solvang
0%
Østensjø Vetland øst
0%
Østensjø Vetland vest
0%
Nordre Aker Ymers vei
0%
No matching quizzes found
Score Distribution
Percent of People with Each Score
Percentile by Number Answered
Your Score History
You have not taken this quiz since the last reset